Manažment finančných účtov a peňažných tokov v podniku diplomová práca

Na minha lista:
Detalhes bibliográficos
Autor principal: Kunová, Kamila
Autor Corporativo: Fakulta hospodárskej informatiky EU. Katedra účtovníctva a audítorstva
Outros Autores: Nagy, Ladislav
Formato: Livro
Idioma:eslovaco
Publicado em: Bratislava 2018
Tags: Adicionar Tag
Sem tags, seja o primeiro a adicionar uma tag!

MARC

LEADER 00000nbm a2200000 4500
001 0243541
005 20181108091828.4
041 0 |a slo 
044 |a SK 
245 1 0 |a Manažment finančných účtov a peňažných tokov v podniku  |b diplomová práca  |c Kamila Kunová ; školiteľ: Ladislav Nagy 
264 1 |a Bratislava  |c 2018 
300 |a 83 s. 
100 1 |a Kunová, Kamila 
700 1 |a Nagy, Ladislav 
710 2 |a Fakulta hospodárskej informatiky EU. Katedra účtovníctva a audítorstva